Ultime Lettere Di Jacopo Ortis Foscolo

-д хадгалсан:
Номзүйн дэлгэрэнгүй
Үндсэн зохиолч: Foscolo
Формат: Ном
Хэл сонгох:Тодорхойгүй
Хэвлэсэн: Tascabili Economici Newton
Шошгууд: Шошго нэмэх
Шошго байхгүй, Энэхүү баримтыг шошголох эхний хүн болох!

MARC

LEADER 00000nam a2200000Ia 4500
001 R-264
003 CODICE-MESSINA
005 20260212102449.0
008 260211s9999 xx 000 0 und d
040 |c importazione_messina 
100 |a Foscolo 
245 0 |a Ultime Lettere Di Jacopo Ortis 
245 0 |b Foscolo 
260 |b Tascabili Economici Newton 
942 |2 ddc  |c BK 
952 |0 0  |1 0  |2 ddc  |4 0  |6 SCAFFALE_3_000000000000000__LETTERATURA  |7 0  |9 31085  |a ME  |b ME  |d 2026-02-11  |l 0  |o SCAFFALE 3 - LETTERATURA  |p R-264  |r 2026-02-11 23:52:19  |w 2026-02-11  |x [REVISIONARE]  |y BK 
999 |c 26747  |d 26747